| 000 | 00965nam a22002417a 4500 | ||
|---|---|---|---|
| 005 | 20141017161532.0 | ||
| 007 | CD | ||
| 008 | 141017b xxu||||| |||| 00| 0 eng d | ||
| 010 | _aDVD-008307 | ||
| 024 |
_a9781593392239 _c495.00 |
||
| 040 | _aDPL | ||
| 082 | _aCD | ||
| 245 |
_aEncyclopedia of India _cEncyclopedia Britannica _hCD-ROM |
||
| 260 |
_aDelhi _c2013 |
||
| 270 |
_aA-41,Ground Floor(L-2) Mohan Cooperative Ind.Estate,Main Mathura Road _bN.Delhi _dIndia |
||
| 300 | _b1disc | ||
| 440 | _aEncycopedia of India:Comprehensive coverage of India into the 21st century | ||
| 500 | _aOver 1400 photos and graphics provide visual reinforcement of the topics | ||
| 538 | _asystem Requirement P-III 512 MB RAM CD ROM drive | ||
| 650 | _2Encyclopedia | ||
| 942 |
_2ddc _cCF _mBRI |
||
| 999 |
_c89409 _d89409 |
||